Non Marvel Movies with multiple Marvel Actors - Statistics

General Stats
  • This quiz has been taken 99 times
    48 since last reset
  • The average score is 17 of 150
Answer Stats
Cast Year of Release Movie % Correct
Jeff Goldblum, Samuel L. Jackson 1993 Jurassic Park
63%
Michael Keaton, Michelle Pfeiffer 1992 Batman Returns
51%
Tommy Lee Jones, Vincent D'Onofrio 1997 Men in Black
49%
Samuel L. Jackson, Tim Roth 1994 Pulp Fiction
49%
Michael B. Jordan, Sylvester Stalone 2015 Creed
42%
Martin Sheen, Michael Douglas 1987 Wall Street
42%
Bradley Cooper, Jennifer Lawrence, Jeremy Renner, Michael Pena 2013 American Hustle
33%
Ellen Page, Tom Hardy 2010 Inception
33%
Hugo Weaving, Laurence Fishburne 1999 The Matrix
33%
Michael Keaton, Edward Norton 2014 Birdman
30%
Chris Pratt, Vincent D'Onofrio 2015 Jurassic World
30%
Chris Pratt, Jennifer Lawrence, Laurence Fishburne 2016 Passengers
30%
Bradley Cooper, Jennifer Lawrence 2012 Silver Linings Playbook
30%
Ryan Reynolds, Samuel L. Jackson 2017 The Hitman's Bodyguard
30%
Marisa Tomei, Mickey Rourke 2008 The Wrestler
30%
Ryan Reynolds, Taika Waititi 2011 Green Lantern
26%
Kurt Russell, Samuel L. Jackson, Tim Roth, Walton Goggins 2015 The Hateful Eight
26%
Samuel L. Jackson, Walton Goggins 2012 Django Unchained
23%
Jake Gyllenhaal, Riz Ahmed 2014 Nightcrawler
23%
Jeff Bridges, Ryan Reynolds 2013 R.I.P.D.
23%
Forest Whitaker, James McAvoy 2006 The Last King of Scotland
23%
Mark Ruffalo, Robert Downey Jr. 2007 Zodiac
23%
Bradley Cooper, Sam Elliott 2018 A Star Is Born
21%
Jake Gyllenhaal, Natalie Portman, Tobey Maguire 2009 Brothers
21%
Chris Hemsworth, Tessa Thompson 2019 Men in Black International
21%
Robert Downey Jr., Tommy Lee Jones, Woody Harrselon 1994 Natural Born Killers
21%
Josh Brolin, Tommy Lee Jones, Woody Harrelson 2007 No Country For Old Men
21%
Forest Whitaker, Willem Dafoe 1986 Platoon
21%
Jeff Bridges, Sam Elliot 1998 The Big Lebowski
21%
Anthony Mackie, Evangeline Lilly, Jeremy Renner 2008 The Hurt Locker
21%
James McAvoy, Samuel L. Jackson 2019 Glass
19%
Idris Elba, Michael Rooker, Sylvester Stallone, Taika Waititi 2021 The Suicide Squad
19%
Cate Blanchett, Chris Evans, Jennifer Lawrence 2021 Don't Look Up
16%
Brie Larson, Samuel L. Jackson, Tom Hiddleston 2017 Kong: Skull Island
16%
Brie Larson, Chris Evans 2010 Scott Pilgrim vs the world
16%
Ben Kingsley, Leonardo DiCaprio 2010 Shutter Island
16%
Marisa Tomei, Robert Downey Jr. 1992 Chaplin
14%
Michael Rooker, Sylvester Stallone 1993 Cliffhanger
14%
Kurt Russell, Rosario Dawson 2007 Death Proof
14%
Michael Keaton, Samuel L. Jackson 1997 Jackie Brown
14%
Sam Rockwell, Scarlett Johansson, Taika Waititi 2019 Jojo Rabbit
14%
Bradley Cooper, Jennifer Lawrence 2015 Joy
14%
Chiwetel Ejiofor, Martin Freeman 2003 Love, Actually
14%
Rosario Dawson, Tommy Lee Jones 2002 Men in Black II
14%
Hugh Jackman, Jake Gyllenhaal, Terrence Howard 2013 Prisoners
14%
Benicio del Toro, Mickey Rourke, Rosario Dawson 2005 Sin City
14%
Chris Evans, Tilda Swinton 2013 Snowpiercer
14%
Chris Hemsworth, Zoe Saldana 2009 Star Trek
14%
Natalie Portman, Samuel L. Jackson 1999 Star Wars The Phantom Menace
14%
Mickey Rourke, Sylvester Stallone 2010 The Expendables
14%
Toby Jones, Woody Harrelson 2012 The Hunger Games
14%
Ryan Reynolds, Taika Waititi 2020 Free Guy
12%
Daniel Bruhl, Michael Fassbender, Samuel L. Jackson 2009 Inglorious Basterds
12%
Kevin Bacon, Michael Rooker 1991 JFK
12%
Chris Pratt, Jeff Goldblum, Toby Jones 2018 Jurassic World: Fallen Kingdom
12%
Edward Norton, Tilda Swinton 2012 Moonrise Kingdom
12%
Laurence Fishburne, Topher Grace, Walton Goggins 2010 Predators
12%
Anthony Mackie, Evangeline Lilly, Hugh Jackman 2011 Real Steel
12%
Anthony Hopkins, Edward Norton 2002 Red Dragon
12%
Ben Mendelsohn, Tom Hardy 2012 The Dark Knight Rises
12%
Edward Norton, Jeff Goldblum, Jude Law, Tilda Swinton, Willem Dafoe 2014 The Grand Budapest Hotel
12%
Ryan Reynolds, Samuel L. Jackson 2021 The Hitman's Wife's Bodyguard
12%
Andy Serkis, Hugh Jackman, Scarlett Johannson 2006 The Prestige
12%
Jeff Bridges, Josh Brolin 2010 True Grit
12%
Chadwick Boseman, J.K. Simmons 2019 21 Bridges
9%
Jake Gyllenhaal, Ryan Reynolds 2017 Life
9%
Josh Brolin, Mike Colter, Tommy Lee Jones 2012 Men in Black 3
9%
Kevin Bacon, Laurence Fishburne 2003 Mystic River
9%
Benedict Wong, Idris Elba, Michael Fassbender 2012 Prometheus
9%
Benicio del Toro, Jon Bernthal, Josh Brolin 2015 Sicario
9%
Jeremy Renner, Samuel L. Jackson 2003 S.W.A.T.
9%
Cate Blanchett, John C. Reilly, Jude Law 2004 The Aviator
9%
Ben Kingsley, Idris Elba, Jon Favreau, Scarlett Johannson 2016 The Jungle Book
9%
Mark Ruffalo, Robert Redford 2001 The Last Castle
9%
Benedict Wong, Chiwetel Ejiofor, Donald Glover, Michael Pena, Sebastian Stan 2015 The Martian
9%
Gwyneth Paltrow, Jude Law, Laurence Fishburne 2011 Contagion
7%
Michael Rooker, Samuel L. Jackson 2008 Jumper
7%
James Franco, Josh Brolin 2008 Milk
7%
Mark Ruffalo, Woody Harrelson 2013 Now You See Me
7%
Josh Brolin, Elizabeth Olsen, Samuel L. Jackson 2013 Oldboy
7%
James Marsden, Kurt Russell, Tim Roth 2019 Once Upon a Time in Hollywood
7%
Ben Mendelsohn, Forest Whitaker, Mads Mikkelsen, Riz Ahmed 2016 Rogue One: A Star Wars Story
7%
Donald Glover, Paul Bettany, Woody Harrelson 2018 Solo: A Star Wars Story
7%
Oscar Isaac, Willem Dafoe 2021 The Card Counter
7%
Benicio del Toro, Tilda Swinton, Willem Dafoe 2021 The French Dispatch
7%
Jon Bernthal, Jon Favreau 2013 The Wolf of Wall Street
7%
Rosario Dawson, Woody Harrelson 2019 Zombieland: Double Tap
7%
Ryan Reynolds, Scott Adkins, Tommy Lee Jones 2016 Criminal
5%
Samuel L. Jackson, Stellan Skarsgard 1999 Deep Blue Sea
5%
Faran Tahir, Sylvester Stallone, Vincent D'Onofrio 2013 Escape Plan
5%
Jude Law, Willem Dafoe 1999 eXistenZ
5%
Edward Norton, Jeff Goldblum, Scarlett Johansson, Tilda Swinton 2018 Isle of Dogs
5%
Michael Rooker, Willem Dafoe 1988 Mississippi Burning
5%
Jeff Goldblum, Rachel McAdams 2010 Morning Glory
5%
Anthony Mackie, Samuel L. Jackson 2020 The Banker
5%
Stanley Tucci, Zoe Saldana 2004 The Terminal
5%
Idris Elba, Josh Brolin, T.I. 2007 American Gangster
2%
Benedict Wong, Natalie Portman, Tessa Thompson 2018 Annihilation
2%
Forest Whitaker, Jeremy Renner 2016 Arrival
2%
Alfred Molina, Don Cheade 1997 Boogie Nights
2%
Jake Gyllenhaal, Michael Pena 2012 End of Watch
2%
Jake Gyllenhaal, Josh Brolin 2015 Everest
2%
Samuel L. Jackson, Anthony Mackie 2006 Freedomland
2%
Jon Bernthal, Michael Pena 2014 Fury
2%
Jon Bernthal, Sylvester Stallone 2013 Grudge Match
2%
Gwyneth Paltrow, John C. Reilly, Samuel L. Jackson 1996 Hard Eight
2%
Owen Wilson, Woody Harrelson 2017 Lost in Translation
2%
Anthony Mackie, Michael Pena 2004 Million Dollar Baby
2%
Sam Rockwell, Tim Roth 2015 Mr. Right
2%
Idris Elba, Leslie Bibb 2014 No Good Deed
2%
Rosario Dawson, Woody Harrelson 2008 Seven Pounds
2%
Sam Rockwell, Woody Harrelson 2012 Seven Psychopaths
2%
Idris Elba, T.I., Zoe Saldana 2010 Takers
2%
Forest Whitaker, James Marsden, Terrence Howard 2013 The Butler
2%
Benicio del Toro, Tommy Lee Jones 2003 The Hunted
2%
Samuel L. Jackson, Sebastian Stan 2019 The Last Full Measure
2%
Michael Keaton, Samuel L. Jackson 2010 The Other Guys
2%
Ben Kingsley, Chris Evans 2019 The Red Sea Diving Resort
2%
Samuel L. Jackson, Tommy Lee Jones 2011 The Sunset Limited
2%
James McAvoy, Rosario Dawson 2013 Trance
2%
Ryan Reynolds, Samuel L. Jackson 2013 Turbo
2%
Jude Law, Natalie Portman, Willem Dafoe 2018 Vox Lux
2%
Jon Bernthal, Michael Pena 2006 World Trade Center
2%
Chris Hemsworth, Michael Pena 2018 12 Strong
0%
Ray Park, Scott Adkins 2018 Accident Man
0%
Alfred Molina, Willem Dafoe 2016 A Family Man
0%
Topher Grace, Walton Goggins 2015 American Ultra
0%
Mickey Rourke, Willem Dafoe 2000 Animal Factory
0%
James Franco, Jeremy Renner 2019 Arctic Dogs
0%
Michael Pena, Mike Colter 2018 Extinction
0%
Dave Bautista, Jeff Goldblum 2018 Hotel Artemis
0%
Mickey Rourke, Rosario Dawson 2008 Killshot
0%
James Spader, Tommy Lee Jones, Walton Goggins 2012 Lincoln
0%
Clark Gregg, Michael Keaton 2002 Live From Baghdad
0%
Forest Whitaker, Willem Dafoe, Zoe Saldana 2013 Out of the Furnace
0%
Peter Dinklage, Tim Roth 2010 Pete Smalls is Dead
0%
Jon Bernthal, Woody Harrelson 2011 Rampart
0%
Michael Keaton, Samuel L. Jackson 2014 RoboCop
0%
Anthony Mackie, Woody Harrelson 2004 She Hate Me
0%
Idris Elba, Jonathan Majors, Zazie Beetz 2021 The Harder They Fall
0%
Toby Jones, Willem Dafoe 2020 The Last Thing He Wanted
0%
Chris Pratt, Vincent D'Onofrio 2016 The Magnificent Seven
0%
Bradley Cooper, Michael Pena 2018 The Mule
0%
Jake Gyllenhaal, John C. Reilly, Riz Ahmed 2018 The Sisters Brothers
0%
John C. Reilly, Woody Harrelson 1998 The Thin Red Line
0%
Jon Bernthal, Vincent D'Onofrio 2021 The Unforgivable
0%
Anthony Mackie, Chiwetel Ejiofor, Woody Harrelson 2016 Triple 9
0%
Josh Brolin, Robert Redford 2010 Wall Street: Money Never Sleeps
0%
Alfred Molina, Martin Freeman, Rachel McAdams 2016 Whiskey Tango Foxtrot
0%
J.K. Simmons, Willem Dafoe 2021 Zack Snyder's Justice League
0%
No matching quizzes found
Score Distribution
Percent of People with Each Score
Percentile by Number Answered
Your Score History
You have not taken this quiz since the last reset